La música puesta al alcance de todos o sea Breve esposicion de todo lo que es necesario para juzgar de esta arte y hablar de ella sin haberla estudiado / (Record no. 54109)

MARC details
000 -LEADER
campo de control de longitud fija 00742nam a22001935i 4500
001 - NÚMERO DE CONTROL
campo de control 54109
003 - IDENTIFICADOR DE NÚMERO DE CONTROL
campo de control ES-MaACL
005 - FECHA Y HORA DE LA ÚLTIMA TRANSACCIÓN
campo de control 20250823004921.0
007 - CAMPO FIJO DE DESCRIPCIÓN FÍSICA--INFORMACIÓN GENERAL
campo de control de longitud fija t|
008 - DATOS DE LONGITUD FIJA--INFORMACIÓN GENERAL
campo de control de longitud fija 960712s1840 sp ||||1| spa d
040 ## - FUENTE DE CATALOGACIÓN
Centro catalogador/agencia de origen CAM
Lengua de catalogación spa
Centro/agencia transcriptor CAM
100 1# - ENTRADA PRINCIPAL--NOMBRE DE PERSONA
Nombre de persona Fétis, François Joseph.
9 (RLIN) 50629
245 13 - MENCIÓN DEL TÍTULO
Título La música puesta al alcance de todos o sea Breve esposicion de todo lo que es necesario para juzgar de esta arte y hablar de ella sin haberla estudiado /
Mención de responsabilidad, etc. escrita en francés por F. J. Fetis; traducida y anotada por A. F. S.
260 ## - PUBLICACIÓN, DISTRIBUCIÓN, ETC.
Lugar de publicación, distribución, etc. Barcelona :
Nombre del editor, distribuidor, etc. [s.n.],
Fecha de publicación, distribución, etc. 1840 (
Fabricante Imprenta de Joaquín Verdaguer)
300 ## - DESCRIPCIÓN FÍSICA
Extensión VIII, 235, [3] p. ;
Dimensiones 18 cm.
650 #7 - PUNTO DE ACCESO ADICIONAL DE MATERIA--TÉRMINO DE MATERIA
Término de materia o nombre geográfico como elemento de entrada Música
Fuente del encabezamiento o término embne
9 (RLIN) 15376
852 ## - LOCALIZACIÓN
Ubicación ES-MaACL
Número de control de estantería D-1065
Holdings
Estatus retirado Estado de pérdida Estado de daño No para préstamo Colección Biblioteca de origen Biblioteca actual Ubicación en estantería Fecha de adquisición Fuente de adquisición Total de préstamos Signatura topográfica completa Código de barras Visto por última vez Precio de reemplazo Tipo de ítem Koha
        Libros del s. XIX Biblioteca del Ateneo de Madrid Biblioteca del Ateneo de Madrid Sala Valle Inclán 17/01/2008     D-1065 901056866 23/02/2023 23/02/2023 Libro impreso antiguo